Central Library OPAC University of Rajshahi

Perspectives in social sciences. (Record no. 43339)

MARC details
000 -LEADER
fixed length control field 01051nam a2200265 a 4500
001 - CONTROL NUMBER
control field 43339
003 - CONTROL NUMBER IDENTIFIER
rucl marc code BD-RJUL
005 - DATE AND TIME OF LATEST TRANSACTION
control field 20211209053703.0
008 - FIXED-LENGTH DATA ELEMENTS--GENERAL INFORMATION
fixed length control field 160621s1982 ii 100 0 eng d
035 ## - SYSTEM CONTROL NUMBER
System control number BD-RjUL43457
040 ## - CATALOGING SOURCE
Original cataloging agency BD-RjUL
Language of cataloging eng
Transcribing agency BD-RjUL
041 ## - LANGUAGE CODE
Language code of text/sound track or separate title eng
082 ## - DEWEY DECIMAL CLASSIFICATION NUMBER
Edition number 23
Author mark and year SEP 1962
100 1# - MAIN ENTRY--PERSONAL NAME
Personal name Sen, Asok.
9 (RLIN) 133123
245 10 - TITLE STATEMENT
Title Perspectives in social sciences.
Number of part/section of a work 2.
Name of part/section of a work Three studies on the agrarian structure in Bengal 1850-1947 /
Statement of responsibility, etc. Asok Sen, Partha Chatterjee, Saugata Mukherji
260 ## - PUBLICATION, DISTRIBUTION, ETC. (IMPRINT)
Place of publication, distribution, etc. Calcutta ;
-- Oxford :
Name of publisher, distributor, etc. Published for Centre for Studies in Social Sciences, Calcutta [by] Oxford University Press,
Date of publication, distribution, etc. 1982
300 ## - PHYSICAL DESCRIPTION
Pagination ix, 319 p. :
Illustrations ill. ;
Size 23 cm
500 ## - GENERAL NOTE
General note Papers of a seminar held within the Centre for Studies in Social Sciences in 1978
650 #0 - SUBJECT ADDED ENTRY--TOPICAL TERM
Topical term or geographic name as entry element Social sciences
9 (RLIN) 133124
Topical term or geographic name as entry element Land tenure
Geographic subdivision India
-- Bengal
General subdivision History
9 (RLIN) 133125
700 1# - ADDED ENTRY--PERSONAL NAME
Personal name Chatterjee, Partha,
Dates associated with a name 1947-
Personal name Mukherji, Saugata.
710 2# - ADDED ENTRY--CORPORATE NAME
Corporate name or jurisdiction name as entry element Centre for Studies in Social Sciences.
9 (RLIN) 126516
942 ## - ADDED ENTRY ELEMENTS (KOHA)
Source of classification or shelving scheme Dewey Decimal Classification
Koha item type Books
Holdings
Lost status Source of classification or shelving scheme Damaged status Not for loan Collection code Permanent Location Current Location Shelving location Date acquired Source of acquisition Cost, normal purchase price Total Checkouts Full call number Date last seen Copy number Koha item type
  Dewey Decimal Classification     Non-fiction Central Library, University of Rajshahi Central Library, University of Rajshahi   31/07/1985 Karim interprise, dhaka 80.00   300 SEP 1962 21/06/2016 C-2 Books
  Dewey Decimal Classification     Non-fiction Central Library, University of Rajshahi Central Library, University of Rajshahi   31/07/1985 Karim interprise, dhaka 80.00   300 SEP 1962 21/06/2016 C-3 Books